History Quiz

Random History or Clickable Quiz

Male Historical Figure Crochet Dolls Quiz Stats

 Plays Quiz not verified by Sporcle

Support Sporcle.
Go Orange.
Score 0/21 Timer 05:00
1 Play Today
% Correct
Napoleon Bonaparte
96.1%
Abraham Lincoln
95.6%
Nelson Mandela
94.9%
Albert Einstein
94.8%
Winston Churchill
94.6%
Mohandas Gandhi
92.8%
Joseph Stalin
89.4%
William Shakespeare
89.1%
Che Guevara
88.5%
Henry VIII
87.7%
Salvador Dalí
87%
% Correct
Francis of Assisi
85.2%
Socrates
84.9%
Leonardo da Vinci
84.7%
Ludwig van Beethoven
84.6%
Robert Baden-Powell
84.5%
Charles Lindbergh
83.9%
Vincent Van Gogh
80.4%
Julius Caesar
79.5%
Pablo Picasso
74.1%
Wolfgang Amadeus Mozart
73.8%

You're not logged in!

Compare scores with friends on all Sporcle quizzes.
OR
Log In

From the Vault

Note-worthy Words

by sproutcm

Go ahead, sing this quiz out loud, we won't stop you.
Remove Ads.
Support Sporcle.
Get the best of Sporcle when you Go Orange. This ad-free experience offers more features, more stats, and more fun while also helping to support Sporcle. Thank you for becoming a member.

Show Comments

Extras

Top Quizzes Today


Score Distribution

Your Account Isn't Verified!

In order to create a playlist on Sporcle, you need to verify the email address you used during registration. Go to your Sporcle Settings to finish the process.

Report this User

Report this user for behavior that violates our Community Guidelines.

Details: